Frágiles suturas: Chile a treinta años del gobierno de Salvador Allende

Uloženo v:
Podrobná bibliografie
Hlavní autor: Zapata, Francisco (Autor)
Médium: Kniha
Jazyk:španělština
Vydáno: Ciudad de México Fondo de Cultura Económica 2006
Ciudad de México COLMEX 2006
Témata:
Tagy: Přidat tag
Žádné tagy, Buďte první, kdo vytvoří štítek k tomuto záznamu!

MARC

LEADER 00000nam a2200000 a 4500
001 UCJ1456
003 CL-VaPUC
005 20240906145016.0
008 061020e20060000mx 1 spa d
020 |a 9681212150 
044 |a mx  |2 marc 
044 |a mx  |2 marc 
082 0 4 |a 983.064  |b ZAP  |2 21 
100 1 |a Zapata, Francisco  |e author  |9 620891 
245 1 0 |a Frágiles suturas: Chile a treinta años del gobierno de Salvador Allende 
260 |a Ciudad de México  |b Fondo de Cultura Económica  |c 2006 
260 |a Ciudad de México  |b COLMEX  |c 2006 
300 |a 495 p 
583 |a last modification  |c 20190826 10:20:24  |k Rodrigo Vera 
600 0 |a Allende Gossens, Salvador,   |d 1908-1973  |9 257222 
650 0 0 |a Historia de Chile  |9 265473 
650 0 0 |a Historia política  |9 256974 
650 0 0 |a Política y gobierno  |9 255151 
650 0 7 |a HISTORIA DE CHILE 1973-1988  |2 CL-VaPUC  |9 521153 
942 |c BK 
945 |a cmena  |d 20061020 00:00:00 
546 |a En Español 
536 |a Colegio de México 
518 |p La Batalla por la Memoria: Chile a treinta años del Gobierno de Allende, 1, Santa Teresa, 25 y 26 de septiembre de 2003 
999 |c 384205  |d 384203 
952 |0 0  |1 0  |4 0  |6 983_064000000000000_ZAP_2006  |7 0  |8 A  |9 506812  |a BIBGIM  |b BIBGIM  |d 2020-01-23  |i 4289412  |o 983.064 ZAP 2006  |p 4289412  |r 2025-01-15  |w 2020-01-23  |y BK  |k SSL